Zahraničný obchod v Slovenskej republike 1998 - definitívne údaje

Enregistré dans:
Détails bibliographiques
Format: Livre
Langue:slovaque
anglais
Publié: Bratislava Štatistický úrad Slovenskej republiky 1999
Collection:Zahraničný obchod
Sujets:
Tags: Ajouter un tag
Pas de tags, Soyez le premier à ajouter un tag!

MARC

LEADER 00000nam$a2200000$$$4500
001 0023254
005 20240104091619.6
041 0 |a slo 
041 0 |a eng 
044 |a SK 
245 1 0 |a Zahraničný obchod v Slovenskej republike 1998 - definitívne údaje 
264 1 |a Bratislava  |b Štatistický úrad Slovenskej republiky  |c 1999 
300 |a 44 s. 
490 1 |a Zahraničný obchod 
830 0 |a Zahraničný obchod 
610 2 0 |a štatistika 
610 2 0 |a údaje štatistické 
610 2 0 |a tabuľky štatistické 
610 2 0 |a obchod zahraničný 
610 2 0 |a Slovensko 
610 2 0 |a 1998